000 00568nam a2200193Ia 4500
003 GCL
005 20240530102358.0
008 140319s9999 xx 000 0 ara d
040 _aGCL /
_cGCL
082 0 4 _a369.43
_bج ك
100 1 _aسعد شعبان
245 1 0 _aالكشاف الجوى : المبتدئ /
_cسعد شعبان ، جمال خشبة
260 _a[S.N] :
_bدار نهضة مصر للطبع والنشر
300 _a2 جزء
650 0 4 _aالكشافة
650 0 4 _aالمعسكرات
700 1 _aجمال خشبة
942 _2ddc
_cBK
999 _c31825
_d31825